<?xml version="1.0" encoding="UTF-8"?>
<record
    xmlns:xsi="http://www.w3.org/2001/XMLSchema-instance"
    xsi:schemaLocation="http://www.loc.gov/MARC21/slim http://www.loc.gov/standards/marcxml/schema/MARC21slim.xsd"
    xmlns="http://www.loc.gov/MARC21/slim">

  <leader>01059nam a2200253 a 4500</leader>
  <controlfield tag="001">65747</controlfield>
  <controlfield tag="003">BD-RjUL</controlfield>
  <controlfield tag="005">20211209081447.0</controlfield>
  <controlfield tag="008">170311s1969    bg  |||| |||| 000 0 be  d</controlfield>
  <datafield tag="020" ind1=" " ind2=" ">
    <subfield code="c">: Rs. 5.00</subfield>
  </datafield>
  <datafield tag="035" ind1=" " ind2=" ">
    <subfield code="a">(BD-RjUL)65877</subfield>
  </datafield>
  <datafield tag="040" ind1=" " ind2=" ">
    <subfield code="a">BD-RjUL</subfield>
    <subfield code="b">ben</subfield>
    <subfield code="c">BD-RjUL</subfield>
    <subfield code="d">BD-RjUL</subfield>
  </datafield>
  <datafield tag="041" ind1=" " ind2=" ">
    <subfield code="a">ben</subfield>
  </datafield>
  <datafield tag="082" ind1=" " ind2=" ">
    <subfield code="2">23</subfield>
    <subfield code="a">581.092</subfield>
    <subfield code="b">SIH 1969</subfield>
  </datafield>
  <datafield tag="100" ind1="1" ind2=" ">
    <subfield code="a">&#x9B8;&#x9BF;&#x9A6;&#x9CD;&#x9A6;&#x9BF;&#x995;&#x9C0;, &#x986;&#x9A8;&#x9BF;&#x9B8;</subfield>
    <subfield code="9">194430</subfield>
  </datafield>
  <datafield tag="245" ind1="1" ind2="0">
    <subfield code="a">&#x9B9;&#x9A4;&#x9AD;&#x9BE;&#x997;&#x9CD;&#x9AF; &#x9AC;&#x9BE;&#x9A6;&#x9B6;&#x9BE; &#x986;&#x9AE;&#x9BE;&#x9A8;&#x9C1;&#x9B2;&#x9CD;&#x9B2;&#x9BE; (&#x997;&#x9A4;&#x9BF;&#x99A;&#x9CD;&#x9AF;&#x9C1;&#x9A4; &#x986;&#x9AB;&#x997;&#x9BE;&#x9A8;-&#x9AC;&#x9BE;&#x9A6;&#x9B6;&#x9BE;) /</subfield>
    <subfield code="c">&#x986;&#x9A8;&#x9BF;&#x9B8; &#x9B8;&#x9BF;&#x9A6;&#x9CD;&#x9A6;&#x9BF;&#x995;&#x9C0;</subfield>
  </datafield>
  <datafield tag="260" ind1=" " ind2=" ">
    <subfield code="a">&#x9A2;&#x9BE;&#x995;&#x9BE; :</subfield>
    <subfield code="b">&#x9AA;&#x9C2;&#x9B0;&#x9AC;&#x9C0; &#x9AA;&#x9BE;&#x9AC;&#x9B2;&#x9BF;&#x9B6;&#x9BE;&#x9B0;&#x9CD;&#x9B8;,</subfield>
    <subfield code="c">&#x9E7;&#x9EF;&#x9EC;&#x9EF;</subfield>
  </datafield>
  <datafield tag="300" ind1=" " ind2=" ">
    <subfield code="a">&#x9E7;&#x9EB;&#x9EF; &#x9AA;&#x9C3;, ;</subfield>
    <subfield code="c">&#x9E7;&#x9EF; &#x9B8;&#x9C7;&#x9AE;&#x9BF;.</subfield>
  </datafield>
  <datafield tag="600" ind1=" " ind2=" ">
    <subfield code="a">&#x986;&#x9AE;&#x9BE;&#x9A8;&#x9C1;&#x9B2;&#x9CD;&#x9B2;&#x9BE;, &#x9AC;&#x9BE;&#x9A6;&#x9B6;&#x9BE;</subfield>
    <subfield code="x">&#x99C;&#x9C0;&#x9AC;&#x9A8;&#x9C0;</subfield>
    <subfield code="9">194431</subfield>
  </datafield>
  <datafield tag="600" ind1=" " ind2=" ">
    <subfield code="a">Amanulla, Badsha</subfield>
    <subfield code="x">Biography</subfield>
    <subfield code="9">194432</subfield>
  </datafield>
  <datafield tag="651" ind1=" " ind2=" ">
    <subfield code="a">&#x986;&#x9AB;&#x997;&#x9BE;&#x9A8;&#x9BF;&#x9B8;&#x9CD;&#x9A4;&#x9BE;&#x9A8;</subfield>
    <subfield code="x">&#x9B8;&#x9B0;&#x995;&#x9BE;&#x9B0; &#x993; &#x9B0;&#x9BE;&#x99C;&#x9A8;&#x9C0;&#x9A4;&#x9BF;</subfield>
    <subfield code="9">194433</subfield>
  </datafield>
  <datafield tag="651" ind1=" " ind2=" ">
    <subfield code="a">Afghanistan</subfield>
    <subfield code="x">Government and Politics</subfield>
    <subfield code="9">194434</subfield>
  </datafield>
  <datafield tag="942" ind1=" " ind2=" ">
    <subfield code="2">ddc</subfield>
    <subfield code="c">BK</subfield>
  </datafield>
  <datafield tag="999" ind1=" " ind2=" ">
    <subfield code="c">65747</subfield>
    <subfield code="d">65747</subfield>
  </datafield>
  <datafield tag="952" ind1=" " ind2=" ">
    <subfield code="0">0</subfield>
    <subfield code="1">0</subfield>
    <subfield code="2">ddc</subfield>
    <subfield code="4">0</subfield>
    <subfield code="7">1</subfield>
    <subfield code="8">NFIC</subfield>
    <subfield code="a">RUCL</subfield>
    <subfield code="b">RUCL</subfield>
    <subfield code="c">Reading</subfield>
    <subfield code="d">1996-02-06</subfield>
    <subfield code="e">N/A</subfield>
    <subfield code="g">0.00</subfield>
    <subfield code="l">0</subfield>
    <subfield code="o">B 581.092 SIH 1969</subfield>
    <subfield code="r">2017-03-11 00:00:00</subfield>
    <subfield code="t">C-1</subfield>
    <subfield code="w">2017-03-11</subfield>
    <subfield code="y">BK</subfield>
  </datafield>
</record>
